[Event "Rated Blitz game"]
[Site "?"]
[Date "2021.04.17"]
[Round "?"]
[White "Zarni24"]
[Black "pasha1984"]
[Result "0-1"]
[WhiteElo "2332"]
[BlackElo "2432"]
[PlyCount "70"]
[EventDate "2021.??.??"]
[EventType "blitz"]

1. e4 e5 2. Nf3 d5 3. exd5 e4 4. Qe2 Nf6 5. Nc3 Be7 6. Nxe4 Nxd5 7. d3 O-O 8.
Bd2 Re8 9. O-O-O f5 10. Nc3 Bf6 11. Qxe8+ Qxe8 12. Nxd5 Bxb2+ 13. Kxb2 Qb5+ 14.
Nb4 a5 15. d4 Qb6 16. Bc4+ Kh8 17. Rhe1 Bd7 18. Ne5 h6 19. Ng6+ Kh7 20. Nf8+
Kh8 21. Re7 axb4 22. Ng6+ Qxg6 23. Rde1 Qf6 24. c3 Bc6 25. R1e6 Qf8 26. h4
bxc3+ 27. Bxc3 Nd7 28. d5 Nf6 29. dxc6 bxc6 30. Rxf6 gxf6 31. Rf7 Rb8+ 32. Kc2
Qxf7 33. Bxf7 Kg7 34. Bc4 Re8 35. g3 Ra8 {Time forfeit} 0-1

[Event "Rated Blitz game"]
[Site "?"]
[Date "2021.04.17"]
[Round "?"]
[White "LZ97"]
[Black "Gifroy"]
[Result "1-0"]
[WhiteElo "2503"]
[BlackElo "2423"]
[PlyCount "93"]
[EventDate "2021.??.??"]
[EventType "blitz"]

1. e4 e5 2. Nf3 d5 3. exd5 e4 4. Nd4 Qxd5 5. Nb3 Qe5 6. Nc3 Bf5 7. Bc4 Nc6 8.
O-O Bd6 9. f4 Qf6 10. g4 Qg6 11. Qe2 Nf6 12. Nxe4 Bxe4 13. d3 O-O-O 14. dxe4
Nxg4 15. Bxf7 Qxf7 16. Qxg4+ Kb8 17. Be3 h5 18. Qf5 Qxf5 19. exf5 Rde8 20. Rae1
Nb4 21. Re2 Nxc2 22. Bxa7+ Kxa7 23. Rxc2 Re4 24. Rg2 Rf8 25. Rxg7 Rxf5 26. Rg5
Rfxf4 27. Rxf4 Bxf4 28. Rxh5 Re2 29. Rh4 Be5 30. Ra4+ Kb8 31. h4 Rxb2 32. Nc5
Bd6 33. Nd3 Rd2 34. Ne1 Bg3 35. Nf3 Rc2 36. Rg4 Bd6 37. a4 Ka7 38. h5 Rc3 39.
Kg2 Rc2+ 40. Kh3 Rc3 41. Kg2 Rc2+ 42. Kf1 Rc1+ 43. Ke2 Rc2+ 44. Kd3 Ra2 45. Ke4
Ra3 46. h6 Rxa4+ 47. Kf5 {Time forfeit} 1-0

[Event "Rated Blitz tournament 1dBIOasG"]
[Site "?"]
[Date "2021.04.16"]
[Round "?"]
[White "ril-1997"]
[Black "Lur15"]
[Result "1-0"]
[WhiteElo "2483"]
[BlackElo "2311"]
[PlyCount "97"]
[EventDate "2021.??.??"]
[EventType "blitz"]

1. e4 e5 2. Nf3 d5 3. d3 dxe4 4. dxe4 Qxd1+ 5. Kxd1 Nc6 6. Be3 Be6 7. Nbd2
O-O-O 8. c3 f5 9. exf5 Bxf5 10. Bb5 Bd6 11. Ke2 a6 12. Bxc6 bxc6 13. Nh4 Be6
14. Rhd1 Nf6 15. b3 e4 16. Nc4 Rde8 17. Nxd6+ cxd6 18. Rxd6 Kc7 19. Rad1 Bg4+
20. f3 exf3+ 21. gxf3 Bh5 22. Kf2 Rhf8 23. Rxf6 Rxf6 24. Rg1 Bg6 25. Bd4 Rfe6
26. Nxg6 Re2+ 27. Kg3 hxg6 28. a4 a5 29. h4 Rb2 30. Kf4 Re6 31. Rg5 Rxb3 32.
Rxa5 Rb7 33. Ra8 Kd6 34. a5 c5 35. Ra6+ Kd7 36. Rxe6 Kxe6 37. Bxc5 Kd5 38. Bd4
Kc4 39. a6 Rb8 40. a7 Rf8+ 41. Kg5 Kb5 42. Kxg6 Ka6 43. Kxg7 Rc8 44. h5 Rc7+
45. Kg6 Rc8 46. h6 Kb7 47. h7 Rc6+ 48. Kh5 Rc7 49. h8=Q {Normal} 1-0

[Event "Rated Blitz game"]
[Site "?"]
[Date "2021.04.16"]
[Round "?"]
[White "bohuprophecy"]
[Black "Jomajo"]
[Result "0-1"]
[WhiteElo "2577"]
[BlackElo "2608"]
[PlyCount "38"]
[EventDate "2021.??.??"]
[EventType "blitz"]

1. e4 e5 2. Nf3 d5 3. Nxe5 Bd6 4. d4 dxe4 5. Bf4 Ne7 6. Bc4 O-O 7. Nc3 Nbc6 8.
O-O Ng6 9. Nxc6 bxc6 10. Bg3 Bf5 11. Qh5 Qd7 12. Rfe1 Rae8 13. d5 cxd5 14. Bxd5
Bxg3 15. hxg3 Re5 16. Rad1 Bg4 17. Bxf7+ Qxf7 18. Qxg4 Qxf2+ 19. Kh2 Rff5 {
Normal} 0-1

[Event "Rated Blitz game"]
[Site "?"]
[Date "2021.04.16"]
[Round "?"]
[White "Luatatroll"]
[Black "anjaya01"]
[Result "1-0"]
[WhiteElo "2388"]
[BlackElo "2435"]
[PlyCount "99"]
[EventDate "2021.??.??"]
[EventType "blitz"]

1. e4 e5 2. Nf3 d5 3. exd5 Bd6 4. d4 e4 5. Ne5 Nd7 6. Nc4 f5 7. Nxd6+ cxd6 8.
c4 Ngf6 9. Nc3 O-O 10. Bf4 Qe7 11. Be2 Ne8 12. h4 a6 13. Qd2 b5 14. cxb5 axb5
15. Bxb5 Nef6 16. Bc6 Rb8 17. Nb5 Ne8 18. a4 Ba6 19. Rc1 Ndf6 20. b4 Nh5 21.
Rh3 Nxf4 22. Qxf4 Rf6 23. Kf1 Rg6 24. Rg3 Rxg3 25. Qxg3 Rd8 26. Kg1 Nf6 27. Qg5
g6 28. Nc3 Kg7 29. b5 Bc8 30. b6 h6 31. Qd2 Ng4 32. g3 e3 33. fxe3 g5 34. Rb1
Ba6 35. b7 Rb8 36. hxg5 hxg5 37. Rb6 Bc4 38. a5 Kg6 39. a6 Bxa6 40. Rxa6 Qh7
41. Ra8 Qh3 42. Qg2 Qh8 43. Rxb8 Qxb8 44. Qa2 Qh8 45. Qb2 Qh3 46. b8=Q Qxg3+
47. Kf1 Nxe3+ 48. Ke2 Nc4 49. Qg8+ Kh5 50. Qe8+ {Time forfeit} 1-0

[Event "Rated Blitz game"]
[Site "?"]
[Date "2021.04.16"]
[Round "?"]
[White "Abbasgholizadeh"]
[Black "DarthZannah"]
[Result "1/2-1/2"]
[WhiteElo "2306"]
[BlackElo "2485"]
[PlyCount "23"]
[EventDate "2021.??.??"]
[EventType "blitz"]

1. e4 e5 2. Nf3 d5 3. Nxe5 dxe4 4. Bc4 Qg5 5. d4 Qxg2 6. Bxf7+ Kd8 7. Rf1 Nf6
8. Bc4 Ke8 9. Bf7+ Kd8 10. Bc4 Ke8 11. Bf7+ Kd8 12. Bc4 {Normal} 1/2-1/2

[Event "Rated Blitz game"]
[Site "?"]
[Date "2021.04.16"]
[Round "?"]
[White "Latiza82"]
[Black "anjaya01"]
[Result "1-0"]
[WhiteElo "2334"]
[BlackElo "2409"]
[PlyCount "63"]
[EventDate "2021.??.??"]
[EventType "blitz"]

1. e4 e5 2. Nf3 d5 3. Nxe5 Bd6 4. d4 dxe4 5. Nc4 f5 6. c3 Nf6 7. g3 O-O 8. Nxd6
cxd6 9. Bg2 Nc6 10. h3 Kh8 11. O-O Rg8 12. c4 g5 13. a3 f4 14. gxf4 gxf4 15.
Bxf4 Bxh3 16. Bg3 Bg4 17. Qd2 Nh5 18. Bxe4 Qf6 19. Nc3 Bh3 20. Nd5 Qh4 21. Bg2
Nxd4 22. Qe3 Bxg2 23. Kxg2 Nxg3 24. fxg3 Rxg3+ 25. Qxg3 Rg8 26. Qxg8+ Kxg8 27.
Nf6+ Kf7 28. Rae1 Kg6 29. Re4 Qh6 30. Rxd4 Qe3 31. Rg4+ Kh6 32. Rh1+ {Normal}
1-0

[Event "Rated Blitz game"]
[Site "?"]
[Date "2021.04.16"]
[Round "?"]
[White "DynamoTresen"]
[Black "anjaya01"]
[Result "0-1"]
[WhiteElo "2461"]
[BlackElo "2429"]
[PlyCount "84"]
[EventDate "2021.??.??"]
[EventType "blitz"]

1. e4 e5 2. Nf3 d5 3. exd5 Bd6 4. Nc3 f5 5. Bc4 Nf6 6. d3 a6 7. a3 b5 8. Ba2
O-O 9. O-O Nbd7 10. Re1 Re8 11. Ng5 Qe7 12. b4 h6 13. Ne6 Nf8 14. Nxf8 Qxf8 15.
Be3 Bd7 16. Rb1 Reb8 17. f4 exf4 18. Bd4 a5 19. Qf3 axb4 20. axb4 Kh7 21. Bb3
Bxb4 22. Qxf4 Bd6 23. Be5 g5 24. Qf2 Ng4 25. Bxd6 Qxd6 26. Qg3 Qc5+ 27. d4
Qxd4+ 28. Kh1 f4 29. Qd3+ Qxd3 30. cxd3 Bf5 31. Kg1 Re8 32. Rxe8 Rxe8 33. h3
Ne3 34. Nxb5 Bxd3 35. Nxc7 Rc8 36. Rc1 Rb8 37. Ba2 Rb2 38. d6 Bf5 39. Bb1 Bxb1
40. d7 Rxg2+ 41. Kh1 Be4 42. d8=Q Rd2+ {Normal} 0-1

[Event "Rated Blitz game"]
[Site "?"]
[Date "2021.04.16"]
[Round "?"]
[White "livaistonee"]
[Black "anjaya01"]
[Result "0-1"]
[WhiteElo "2338"]
[BlackElo "2435"]
[PlyCount "86"]
[EventDate "2021.??.??"]
[EventType "blitz"]

1. e4 e5 2. Nf3 d5 3. d4 Bd6 4. dxe5 dxe4 5. exd6 exf3 6. Qxf3 cxd6 7. Bc4 Nf6
8. Nc3 O-O 9. O-O Be6 10. Bxe6 fxe6 11. Qxb7 Nbd7 12. Re1 a5 13. Rxe6 Nc5 14.
Qe7 Nxe6 15. Qxe6+ Kh8 16. Bg5 a4 17. Nd5 Qe8 18. Qxd6 Rd8 19. Nxf6 Rxd6 20.
Nxe8 Rxe8 21. Be3 Rc8 22. b3 Rxc2 23. bxa4 Rxa2 24. Rb1 h5 25. h3 Rxa4 26. Rb5
g6 27. Rb7 Kg8 28. Bh6 Rad4 29. Rg7+ Kh8 30. Rf7 Rd7 31. Bg7+ Kg8 32. Bxd4 Kxf7
33. Be3 Ke6 34. h4 Kf5 35. g3 Kg4 36. Kg2 Rd1 37. Bg5 Kf5 38. Kf3 Rd3+ 39. Kg2
Ke4 40. Kf1 Kf3 41. Ke1 Rb3 42. Be3 Rxe3+ 43. fxe3 Kxe3 {Normal} 0-1

[Event "Rated Blitz game"]
[Site "?"]
[Date "2021.04.16"]
[Round "?"]
[White "dattelpflaume"]
[Black "Slimslik02"]
[Result "1/2-1/2"]
[WhiteElo "2401"]
[BlackElo "2351"]
[PlyCount "140"]
[EventDate "2021.??.??"]
[EventType "blitz"]

1. e4 e5 2. Nf3 d5 3. exd5 e4 4. Qe2 Nf6 5. d3 Bc5 6. Nc3 O-O 7. dxe4 Bb4 8.
Bg5 h6 9. Bxf6 Qxf6 10. e5 Qf4 11. g3 Bxc3+ 12. bxc3 Qa4 13. Bg2 Bf5 14. O-O
Qxc2 15. Qxc2 Bxc2 16. Nd4 Bd3 17. Rfd1 Ba6 18. e6 fxe6 19. Nxe6 Rc8 20. Nc5
Rd8 21. d6 c6 22. d7 Bc4 23. Rd4 Bf7 24. Rad1 Bd5 25. Rxd5 cxd5 26. Bxd5+ Kh7
27. Bxb7 Nxd7 28. Bxa8 Rxa8 29. Rxd7 Rc8 30. Ne4 Rc4 31. f3 Ra4 32. Rd2 Kg6 33.
Kf2 Ra3 34. h4 a5 35. Ke3 Kf5 36. Nc5 g5 37. Kd4 gxh4 38. gxh4 Kf4 39. Rg2 Kxf3
40. Rb2 Kg4 41. Rb6 h5 42. Rg6+ Kxh4 43. Kc4 a4 44. Rg2 Kh3 45. Rd2 Kg3 46. Kb4
Rb3+ 47. axb3 a3 48. Kxa3 h4 49. Rd5 h3 50. Rh5 h2 51. Rxh2 Kxh2 52. b4 Kg3 53.
Ka4 Kf4 54. Ka5 Ke5 55. b5 Kd5 56. Na4 Kd6 57. b6 Kc6 58. Ka6 Kd7 59. Ka7 Kd6
60. b7 Kd5 61. b8=Q Ke4 62. Qb6 Kd3 63. Qb4 Kc2 64. Qd4 Kb3 65. c4 Kxa4 66. c5+
Kb5 67. c6 Kxc6 68. Qc4+ Kd6 69. Qh4 Ke6 70. Qh6+ Kf5 {Time forfeit} 1/2-1/2

[Event "Rated Blitz game"]
[Site "?"]
[Date "2021.04.16"]
[Round "?"]
[White "PimponNicois"]
[Black "Slimslik02"]
[Result "1-0"]
[WhiteElo "2451"]
[BlackElo "2322"]
[PlyCount "129"]
[EventDate "2021.??.??"]
[EventType "blitz"]

1. e4 e5 2. Nf3 d5 3. exd5 e4 4. Qe2 Nf6 5. d3 Bb4+ 6. c3 Ba5 7. dxe4 O-O 8.
Bg5 c6 9. e5 h6 10. Bh4 g5 11. Nxg5 Nxd5 12. Nf3 f6 13. Nbd2 Qe8 14. Nc4 Bc7
15. O-O-O Qh5 16. Bg3 Bg4 17. exf6 Bxg3 18. fxg3 Nd7 19. Qd3 N7xf6 20. Nce5 Bf5
21. Qd4 Rad8 22. Bd3 Nf4 23. Qc4+ Be6 24. Qxf4 Nd5 25. Qe4 Bf5 26. Qc4 b5 27.
Qb3 Bxd3 28. Rxd3 b4 29. Nxc6 bxc3 30. Rxd5 Rxd5 31. Qxd5+ Qxd5 32. Ne7+ Kg7
33. Nxd5 cxb2+ 34. Kxb2 Rd8 35. Nb4 a5 36. Nc2 Rb8+ 37. Kc1 a4 38. Re1 a3 39.
Re7+ Kf6 40. Re3 Rc8 41. Rxa3 Rc7 42. Nfd4 Rc4 43. Kd2 Rc8 44. Kd3 Rd8 45. Ra6+
Kg7 46. Re6 Rd7 47. Ke4 Ra7 48. a3 Ra4 49. h4 h5 50. Re5 Kg6 51. Rg5+ Kh6 52.
Ke3 Kh7 53. Nf5 Ra6 54. Ncd4 Rxa3+ 55. Kf4 Ra4 56. Rxh5+ Kg6 57. Rg5+ Kf6 58.
h5 Ra2 59. Rg6+ Kf7 60. g4 Rf2+ 61. Kg5 Ra2 62. Rf6+ Kg8 63. Ne7+ Kh8 64. Ndf5
Ra5 65. Rh6# {Normal} 1-0

[Event "Rated Blitz game"]
[Site "?"]
[Date "2021.04.16"]
[Round "?"]
[White "ZenModeChess"]
[Black "pasha1984"]
[Result "0-1"]
[WhiteElo "2419"]
[BlackElo "2407"]
[PlyCount "68"]
[EventDate "2021.??.??"]
[EventType "blitz"]

1. e4 e5 2. Nf3 d5 3. exd5 e4 4. Qe2 Nf6 5. d3 Qxd5 6. Nc3 Bb4 7. Bd2 Bxc3 8.
Bxc3 O-O 9. dxe4 Nxe4 10. Rd1 Nxc3 11. Rxd5 Nxe2 12. Bxe2 Be6 13. Rd1 Nc6 14.
a3 Rfd8 15. O-O Rxd1 16. Rxd1 Rd8 17. Rxd8+ Nxd8 18. Nd4 Bd7 19. Bf3 c5 20. Nb3
b6 21. Kf1 Be6 22. Nd2 Kf8 23. Ke2 Ke7 24. Kd3 f6 25. Nc4 Nf7 26. a4 Bf5+ 27.
Kd2 g5 28. g3 Ke6 29. Ne3 Ne5 30. Be2 Bg6 31. Bc4+ Nxc4+ 32. Nxc4 Kd5 33. b3 h6
34. Ke3 Bxc2 {Normal} 0-1

[Event "Rated Blitz game"]
[Site "?"]
[Date "2021.04.16"]
[Round "?"]
[White "zumpili"]
[Black "jflup"]
[Result "1-0"]
[WhiteElo "2399"]
[BlackElo "2412"]
[PlyCount "43"]
[EventDate "2021.??.??"]
[EventType "blitz"]

1. e4 e5 2. Nf3 d5 3. d4 dxe4 4. Nxe5 Nd7 5. Nc4 Ngf6 6. Be2 Be7 7. O-O O-O 8.
Bg5 h6 9. Bh4 Nd5 10. Bxe7 Qxe7 11. Ne3 N7b6 12. c4 Nf4 13. Nc3 f5 14. c5 Nd7
15. Bc4+ Kh8 16. Ned5 Nxd5 17. Nxd5 Qd8 18. Nf4 Nf6 19. Ng6+ Kh7 20. Nxf8+ Qxf8
21. f3 e3 22. Qd3 {Normal} 1-0

[Event "Rated Blitz game"]
[Site "?"]
[Date "2021.04.16"]
[Round "?"]
[White "BoomerAangie"]
[Black "magos33"]
[Result "1-0"]
[WhiteElo "2474"]
[BlackElo "2405"]
[PlyCount "129"]
[EventDate "2021.??.??"]
[EventType "blitz"]

1. e4 e5 2. Nf3 d5 3. d4 dxe4 4. Nxe5 Bd6 5. Qh5 Qe7 6. Bc4 Be6 7. Bxe6 Qxe6 8.
O-O Nf6 9. Qg5 O-O 10. Nc3 h6 11. Qg3 Bxe5 12. Qxe5 Nc6 13. Qxe6 fxe6 14. Nb5
Rac8 15. c3 e5 16. dxe5 Nxe5 17. Bf4 Ng6 18. Bg3 Nh5 19. Nxa7 Nxg3 20. hxg3 Ra8
21. Nb5 c6 22. Nd6 e3 23. fxe3 Rfd8 24. Nxb7 Rd2 25. Rf2 Rd3 26. e4 Rxg3 27.
Nd6 Rd8 28. Nf5 Rg4 29. Nd4 Ne5 30. a4 Rxe4 31. a5 c5 32. Ne6 Ra8 33. a6 Nd3
34. Rf8+ Rxf8 35. Nxf8 Kxf8 36. a7 Re8 37. a8=Q Rxa8 38. Rxa8+ Kf7 39. Rb8 g5
40. b4 cxb4 41. cxb4 Ke7 42. Rb6 h5 43. Rb5 h4 44. Rxg5 Nxb4 45. Rg4 Nd5 46.
Rxh4 Kf6 47. Ra4 Nc3 48. Ra5 Ne4 49. Kh2 Ng5 50. Kg3 Ne4+ 51. Kh4 Nc3 52. g4
Ne4 53. g5+ Kg6 54. Ra6+ Kf5 55. g6 Nc5 56. Rc6 Nd7 57. g7 Ne5 58. Ra6 Ng6+ 59.
Rxg6 Kxg6 60. g8=Q+ Kh6 61. Qg5+ Kh7 62. Kg4 Kh8 63. Kf5 Kh7 64. Kf6 Kh8 65.
Qg7# {Normal} 1-0

[Event "Rated Blitz game"]
[Site "?"]
[Date "2021.04.16"]
[Round "?"]
[White "Korolenko"]
[Black "Taabling"]
[Result "0-1"]
[WhiteElo "2351"]
[BlackElo "2411"]
[PlyCount "42"]
[EventDate "2021.??.??"]
[EventType "blitz"]

1. e4 e5 2. Nf3 d5 3. Nxe5 Bd6 4. d4 dxe4 5. Nc4 Nf6 6. Nxd6+ Qxd6 7. Be2 Nc6
8. Be3 O-O 9. O-O Nd5 10. c4 Nxe3 11. fxe3 f5 12. Nc3 Bd7 13. c5 Qh6 14. Nb5
Qxe3+ 15. Kh1 Rac8 16. Rc1 a6 17. Rc3 Qh6 18. Na3 Rcd8 19. Qb3+ Kh8 20. Qxb7
Nxd4 21. Bxa6 Bc8 {Normal} 0-1

[Event "Rated Blitz game"]
[Site "?"]
[Date "2021.04.16"]
[Round "?"]
[White "EndritUruci"]
[Black "Roberto_Baggio1978"]
[Result "1/2-1/2"]
[WhiteElo "2538"]
[BlackElo "2473"]
[PlyCount "103"]
[EventDate "2021.??.??"]
[EventType "blitz"]

1. e4 e5 2. Nf3 d5 3. d3 dxe4 4. dxe4 Qxd1+ 5. Kxd1 Bg4 6. Bd3 Nc6 7. Be3 O-O-O
8. Ke2 Nd4+ 9. Bxd4 Rxd4 10. Nbd2 f6 11. h3 Bxf3+ 12. Nxf3 Rd7 13. Bc4 Ne7 14.
Be6 Nc6 15. Rhd1 Bd6 16. c4 b6 17. a3 Kd8 18. Bxd7 Kxd7 19. Rac1 a5 20. c5 bxc5
21. Rxc5 Rb8 22. Rc2 a4 23. Rd5 Rb3 24. Nd2 Rb8 25. Nf3 Rb3 26. Rd3 Rb7 27. Kf1
Na5 28. Nd2 Rb6 29. Ke2 Nb7 30. Nc4 Rc6 31. Kd1 Nc5 32. Re3 Nb3 33. Rd3 Nd4 34.
Rcc3 Nb5 35. Rc1 Nd4 36. Nxd6 Rxd6 37. Rc4 Rb6 38. Kc1 Ra6 39. Kb1 Kd6 40. f4
c5 41. f5 h5 42. Rdc3 Ra5 43. Rg3 Ra7 44. Rgc3 Ra5 45. g4 h4 46. Rd3 Ra7 47.
Kc1 Ra5 48. Kd2 Rb5 49. Kc1 Ra5 50. Kb1 Ra7 51. Ka2 Ra5 52. Kb1 {Normal}
1/2-1/2

[Event "Rated Blitz game"]
[Site "?"]
[Date "2021.04.16"]
[Round "?"]
[White "FlyingPenguin06"]
[Black "Ion_Nicolescu"]
[Result "0-1"]
[WhiteElo "2422"]
[BlackElo "2284"]
[PlyCount "126"]
[EventDate "2021.??.??"]
[EventType "blitz"]

1. e4 e5 2. Nf3 d5 3. Nxe5 Qe7 4. d4 f6 5. Nf3 dxe4 6. Nfd2 e3 7. fxe3 Qxe3+ 8.
Qe2 Qxe2+ 9. Bxe2 c5 10. Nf3 cxd4 11. Nxd4 Bc5 12. Be3 Nc6 13. Nf5 Bxe3 14.
Nxe3 Nh6 15. O-O O-O 16. c3 Re8 17. Bc4+ Be6 18. Bxe6+ Rxe6 19. Nd5 Rd8 20. Nf4
Re3 21. Na3 Ne5 22. Rad1 Rxd1 23. Rxd1 g5 24. Nd5 Rd3 25. Nxf6+ Kg7 26. Rxd3
Nxd3 27. Ne8+ Kg6 28. Nd6 Nxb2 29. Nxb7 Nf5 30. Nb5 a6 31. Nc7 Nd1 32. c4 Nc3
33. Nxa6 Nxa2 34. c5 Nd4 35. Nd8 Nc3 36. c6 Ncb5 37. c7 Na7 38. Nb7 Ndc6 39.
Nd6 Ne7 40. Nc5 Kf6 41. Kf2 h5 42. Ke3 Ke5 43. Nf7+ Kd5 44. Na6 Kc6 45. Nxg5
Kb7 46. Nc5+ Kxc7 47. Nce4 Nac6 48. Ng3 h4 49. Nf5 Nxf5+ 50. Kf4 Nfe7 51. Kg4
Ng6 52. Nf3 Kd6 53. Nxh4 Nge5+ 54. Kg5 Ke6 55. Nf3 Nf7+ 56. Kg6 Ne7+ 57. Kh5
Kf5 58. g4+ Kf4 59. Ne1 Nd5 60. Ng2+ Ke4 61. g5 Kf5 62. Nh4+ Kf4 63. g6 Nf6# {
Normal} 0-1

[Event "Rated Blitz game"]
[Site "?"]
[Date "2021.04.16"]
[Round "?"]
[White "lau_ocs"]
[Black "anjaya01"]
[Result "1-0"]
[WhiteElo "2477"]
[BlackElo "2418"]
[PlyCount "141"]
[EventDate "2021.??.??"]
[EventType "blitz"]

1. e4 e5 2. Nf3 d5 3. Nxe5 Bd6 4. d4 dxe4 5. Nc4 f5 6. Nxd6+ Qxd6 7. c4 c5 8.
d5 Nf6 9. Nc3 a6 10. g3 Nbd7 11. Bf4 Ne5 12. Be2 O-O 13. O-O h6 14. Bxe5 Qxe5
15. Qd2 Bd7 16. Rad1 Qd6 17. f4 Rab8 18. b3 b5 19. Qe3 b4 20. Nb1 a5 21. Nd2 a4
22. Rfe1 Ra8 23. Bf1 Ng4 24. Qe2 axb3 25. axb3 Ra2 26. h3 Nf6 27. Qe3 Rfa8 28.
Re2 Rc2 29. Rde1 Raa2 30. Qf2 Rc3 31. Qh2 Nh5 32. Nxe4 fxe4 33. Rxa2 Nxg3 34.
Rf2 Bf5 35. h4 Rxb3 36. Be2 Rc3 37. Bd1 b3 38. Rb2 Qxf4 39. Rxb3 Rxb3 40. Bxb3
e3 41. Bd1 Qd4 42. Be2 Qf4 43. Bf1 Bg4 44. Bd3 h5 45. d6 Kf7 46. Qg2 Ke6 47. d7
Kxd7 48. Qd5+ Ke7 49. Qxc5+ Kf7 50. Qxe3 Qc7 51. Be4 Nxe4 52. Qxe4 Qc5+ 53. Qe3
Qf5 54. Rf1 Qxf1+ 55. Kxf1 Kg6 56. Kf2 Bf5 57. Kg3 Bg4 58. Qb6+ Kh7 59. Qd6 g6
60. c5 Kh6 61. c6 Kh7 62. Qf4 Kg7 63. Qe5+ Kh7 64. c7 Bc8 65. Qe7+ Kh6 66. Qd8
Kh7 67. Qxc8 Kh6 68. Qe6 Kh7 69. c8=Q Kg7 70. Qcd7+ Kf8 71. Qee8# {Normal} 1-0

[Event "Rated Blitz game"]
[Site "?"]
[Date "2021.04.16"]
[Round "?"]
[White "tapkus"]
[Black "melanger"]
[Result "1-0"]
[WhiteElo "2541"]
[BlackElo "2370"]
[PlyCount "69"]
[EventDate "2021.??.??"]
[EventType "blitz"]

1. e4 e5 2. Nf3 d5 3. exd5 e4 4. Qe2 Nf6 5. Nc3 Be7 6. Nxe4 O-O 7. d4 Nxd5 8.
Bd2 Bf5 9. O-O-O Nc6 10. Ng3 Bg6 11. a3 a5 12. Qb5 Ra6 13. Bc4 Nb6 14. Rhe1
Nxc4 15. Qxc4 b5 16. Qxb5 Rb6 17. Qc4 Qb8 18. Bc3 Bd6 19. Ne4 Bf4+ 20. Kb1 Nb4
21. Ne5 Bf5 22. Nd3 Nxd3 23. Rxd3 Re6 24. d5 Rg6 25. g3 Bh6 26. f4 Rb6 27. Rde3
Bd7 28. Nc5 Bb5 29. Qd4 Qd8 30. Bxa5 Rd6 31. c4 Bxc4 32. Qxc4 Rxd5 33. Bc3 Qd6
34. Ne4 Qg6 35. Qxd5 {Normal} 1-0

[Event "Rated Blitz game"]
[Site "?"]
[Date "2021.04.16"]
[Round "?"]
[White "Handy-Andy"]
[Black "GrandeGila"]
[Result "0-1"]
[WhiteElo "2417"]
[BlackElo "2482"]
[PlyCount "62"]
[EventDate "2021.??.??"]
[EventType "blitz"]

1. e4 e5 2. Nf3 d5 3. exd5 e4 4. Qe2 Nf6 5. Nc3 Be7 6. Nxe4 Nxd5 7. h3 O-O 8.
d4 Re8 9. Ne5 f6 10. c4 Nb6 11. c5 Nd5 12. Nf3 Bf5 13. Ng3 Bg6 14. Be3 f5 15.
Qc4 f4 16. Bxf4 Kh8 17. Ne5 Nxf4 18. O-O-O Bg5 19. Nxg6+ Nxg6+ 20. Kb1 Nc6 21.
Bd3 Qf6 22. Nh5 Qxf2 23. Rhf1 Qxd4 24. Qxd4 Nxd4 25. Bxg6 hxg6 26. Nxg7 Kxg7
27. Rxd4 Rad8 28. Rg4 Bf6 29. h4 Rd4 30. Rxd4 Bxd4 31. c6 bxc6 {Normal} 0-1

[Event "Rated Blitz game"]
[Site "?"]
[Date "2021.04.16"]
[Round "?"]
[White "KoronaVirusMaster"]
[Black "Maltinho"]
[Result "0-1"]
[WhiteElo "2434"]
[BlackElo "2533"]
[PlyCount "52"]
[EventDate "2021.??.??"]
[EventType "blitz"]

1. e4 e5 2. Nf3 d5 3. exd5 Bd6 4. d4 e4 5. Ne5 Nf6 6. c4 c5 7. f4 cxd4 8. Qxd4
Nc6 9. Nxc6 bxc6 10. Nc3 c5 11. Qd1 O-O 12. Be2 Re8 13. Be3 Rb8 14. b3 Bf5 15.
O-O Qd7 16. Nb5 Bf8 17. h3 Bxh3 18. gxh3 Qxh3 19. Bf2 h5 20. Rc1 Ng4 21. Bxg4
hxg4 22. Rc3 e3 23. Be1 e2 24. Rxh3 exd1=Q 25. Bc3 Qxf1+ 26. Kxf1 gxh3 {Normal}
0-1

[Event "Rated Blitz tournament gzNHRUn3"]
[Site "?"]
[Date "2021.04.16"]
[Round "?"]
[White "Medion72"]
[Black "dr_xStranger"]
[Result "1/2-1/2"]
[WhiteElo "2391"]
[BlackElo "2526"]
[PlyCount "26"]
[EventDate "2021.??.??"]
[EventType "blitz"]

1. e4 e5 2. Nf3 d5 3. exd5 e4 4. Qe2 Nf6 5. Nc3 Be7 6. Nxe4 O-O 7. Nxf6+ Bxf6
8. d4 Re8 9. Be3 Qxd5 10. Qb5 Qd8 11. O-O-O c6 12. Qh5 g6 13. Qh6 Bg7 {Normal}
1/2-1/2

[Event "Rated Blitz game"]
[Site "?"]
[Date "2021.04.16"]
[Round "?"]
[White "ElAsesinoFavorito"]
[Black "Jomajo"]
[Result "1-0"]
[WhiteElo "2710"]
[BlackElo "2612"]
[PlyCount "101"]
[EventDate "2021.??.??"]
[EventType "blitz"]

1. e4 e5 2. Nf3 d5 3. exd5 e4 4. Qe2 Qe7 5. Nd4 Nf6 6. Nc3 Qe5 7. Nb3 Nbd7 8.
d3 exd3 9. Qxe5+ Nxe5 10. cxd3 Bb4 11. Bf4 Ng6 12. Bd2 O-O 13. O-O-O Rd8 14. d4
Nxd5 15. Nxd5 Bxd2+ 16. Rxd2 Rxd5 17. Bc4 Rd6 18. Re1 Kf8 19. Rde2 Bd7 20. g3
b6 21. Bd3 Re8 22. Rxe8+ Bxe8 23. Kd2 Ba4 24. Kc3 Bxb3 25. axb3 a5 26. Bxg6
hxg6 27. h4 f6 28. Kc4 Kf7 29. d5 g5 30. hxg5 fxg5 31. Re2 Rf6 32. Kb5 g4 33.
Ka6 Rd6 34. Kb7 Rxd5 35. Kxc7 Rb5 36. Re3 a4 37. bxa4 Rxb2 38. Re4 Rxf2 39.
Kxb6 Rb2+ 40. Kc5 Rc2+ 41. Rc4 Ra2 42. Rxg4 Kf6 43. Kb6 g5 44. Rb4 Ra3 45. g4
Rf3 46. a5 Ke5 47. a6 Rf6+ 48. Ka5 Rf7 49. Rb7 Rf1 50. Rb5+ Kf6 51. Rf5+ {
Normal} 1-0

[Event "Rated Blitz game"]
[Site "?"]
[Date "2021.04.16"]
[Round "?"]
[White "xurramid77"]
[Black "Dzon_Vejn"]
[Result "1-0"]
[WhiteElo "2532"]
[BlackElo "2435"]
[PlyCount "93"]
[EventDate "2021.??.??"]
[EventType "blitz"]

1. e4 e5 2. Nf3 d5 3. Nxe5 Bd6 4. d4 dxe4 5. Nc3 Bxe5 6. dxe5 Qxd1+ 7. Nxd1 Nc6
8. Bf4 Nge7 9. Nc3 Ng6 10. Bg3 Bf5 11. O-O-O a6 12. Re1 O-O-O 13. Nxe4 Rhe8 14.
f4 Rd4 15. Bd3 Nb4 16. Nd6+ cxd6 17. Bxf5+ Kd8 18. c3 Nd3+ 19. Kd2 Nxe1+ 20.
cxd4 Nxg2 21. Rc1 N2xf4 22. Rc8+ Ke7 23. Rc7+ Kf8 24. exd6 Rd8 25. Rxb7 Rxd6
26. Bxg6 hxg6 27. Bxf4 Rxd4+ 28. Ke3 Rd1 29. Rb6 Re1+ 30. Kd2 Rf1 31. Bd6+ Ke8
32. Rxa6 Rf2+ 33. Kc3 Kd7 34. Bg3 Rf3+ 35. Kc4 Rf1 36. b4 Rc1+ 37. Kb5 Kc8 38.
a4 Kb7 39. Rd6 Rc7 40. Rb6+ Kc8 41. Bxc7 Kxc7 42. Rc6+ Kd7 43. a5 Ke7 44. a6 f5
45. a7 Kf7 46. a8=Q g5 47. Qb7+ {Normal} 1-0

[Event "Rated Blitz game"]
[Site "?"]
[Date "2021.04.16"]
[Round "?"]
[White "angelgab"]
[Black "Jomajo"]
[Result "0-1"]
[WhiteElo "2454"]
[BlackElo "2602"]
[PlyCount "30"]
[EventDate "2021.??.??"]
[EventType "blitz"]

1. e4 e5 2. Nf3 d5 3. Nxe5 Bd6 4. d4 dxe4 5. Nc4 Nf6 6. Be2 Nc6 7. O-O Nxd4 8.
Re1 O-O 9. Nc3 Bf5 10. Bg5 Bb4 11. a3 Bxc3 12. bxc3 Ne6 13. Bh4 Qxd1 14. Raxd1
Rad8 15. Bg3 Nd5 {Normal} 0-1

[Event "Rated Blitz game"]
[Site "?"]
[Date "2021.04.16"]
[Round "?"]
[White "DaniellaQueen"]
[Black "Jomajo"]
[Result "0-1"]
[WhiteElo "2453"]
[BlackElo "2615"]
[PlyCount "110"]
[EventDate "2021.??.??"]
[EventType "blitz"]

1. e4 e5 2. Nf3 d5 3. Nxe5 Bd6 4. d4 dxe4 5. Bc4 Bxe5 6. dxe5 Qxd1+ 7. Kxd1 Nc6
8. Nc3 Bg4+ 9. Be2 O-O-O+ 10. Ke1 Bxe2 11. Kxe2 Nd4+ 12. Kf1 Nxc2 13. Rb1 f5
14. exf6 Nxf6 15. Bg5 Rhe8 16. Bxf6 gxf6 17. Ke2 e3 18. Rhd1 Nd4+ 19. Ke1 c5
20. fxe3 Rxe3+ 21. Kf2 Re5 22. Rbc1 Rf5+ 23. Kg1 Nc6 24. Rxd8+ Kxd8 25. Ne4 Nd4
26. Rd1 b6 27. g3 Kc7 28. b4 Kc6 29. Kg2 Kd5 30. Nf2 Kc4 31. bxc5 bxc5 32. Rc1+
Kb5 33. Ne4 Kc6 34. g4 Re5 35. Nxf6 h6 36. Ng8 h5 37. gxh5 Rg5+ 38. Kf2 Rxg8
39. Rg1 Rxg1 40. Kxg1 Nf5 41. Kf2 c4 42. Kf3 Kd5 43. Kf4 Nh6 44. Kg5 c3 45.
Kxh6 c2 46. Kg7 c1=Q 47. h6 Qg5+ 48. Kh7 a5 49. a4 Kc4 50. h3 Kb4 51. h4 Qxh4
52. Kg7 Kxa4 53. h7 Kb3 54. h8=Q Qd4+ 55. Kg8 Qd8+ {Time forfeit} 0-1